Responses for Show #9105 - Friday, May 17, 2024

Grant DeYoung game 3.

Contestants

[<< previous game]

Rachel Shelton, an attorney from Lexington, Kentucky

Nick Coombs, an auctioneer from Chicago, Illinois

Grant DeYoung, a grocery clerk from Prescott, Arizona (whose 2-day cash winnings total $46,401)

[next game >>]

Jeopardy! Round responses

I'M A FUN GUY
PASSPORTS
WORDS FROM FILM
BASEBALL'S 25-GAME WINNERS
ENTER THE LITERARY CHARACTER
FRANKLIN
(Michael Douglas: I'm Michael Douglas. I play Ben Franklin during his tumultuous years as diplomat in France, making friends and enemies.)
    $200 26
beer pong

Nick
    $200 30
6 months

Nick
    $200 15
catfish

Rachel
    $200 12
Oakland

Grant
    $200 29
Peter Pan

Grant
    $200 28
(Ken: Our thanks to Michael Douglas for his help with that category; Franklin is now streaming on Apple TV+.)

a double agent

Grant
    $400 25
a Slip 'N Slide

Rachel
    $400 21
tourist passports

Triple Stumper
    $400 9
toast

Nick
    $400 11
the New York Yankees

Nick
    $400 6
Scarlett O'Hara

Grant
    $400 27
French & Indian (the Seven Years' War)

Grant
    $600 20
a lampshade

Nick
    $600 18
QR

Grant
    $600 8
a bucket list

Rachel
    $600 3
the Dominican Republic

Grant
    $600 1
Captain Ahab

Nick
    $600 2
(Marie) Antoinette

Grant
    $800 24
Cool Runnings

Grant
    $800 17
the northern lights

Rachel
    $800 13
slacker

Triple Stumper
    $800 4
(Nick: Who is Alexander?)

Steve Carlton

Nick
Triple Stumper
    $800 5
Boo Radley

Rachel
    $800 16
(Grant: Who is Adams?)
(Ken: Can you be more specific?)
(Grant: [*], the father.)

John Adams

Grant
    $1000 22
numismatists

Grant
    $3,200 19
(Grant: Uh, you sure are a FUN GUY, Ken, let's do $600.)
(Ken: Thank you.)

Switzerland

Grant
    $1000 14
gaslight

Rachel
    $1000 10
Seaver

Nick
    $1000 7
Phoebe

Triple Stumper
    $1000 23
(Grant: Who is... Louis XIV?)

Louis XVI

GrantNick

Scores at the first commercial break (after clue 15):

Grant Nick Rachel
$1,800 $1,600 $2,600

Scores at the end of the Jeopardy! Round:

Grant Nick Rachel
$8,000 $3,600 $3,800

Double Jeopardy! Round responses

STATE NAME STUFF
CAST MEMBERS IN THE REBOOT
"GN"OWLEDGE
TOUGH 6-LETTER WORDS
CHAPTERS IN BIOGRAPHIES
WE ARE FUNGI
    $400 25
Washington State

Grant
    $400 26
Dallas

Grant
    $400 27
(Nick: What is gnarl?)
(Grant: What's gnash?)

gnashed

GrantNick
Triple Stumper
    $400 28
(Grant: What's uh, the elixir of life?)
(Ken: Uh... [*] is right, yes.)
[Accepted as correct; reversed before revealing the Final Jeopardy! clue due to the elixir not being the same one that turns lead into gold.)

elixir

Grant
Triple Stumper
    $400 29
Monroe

Grant
    $400 30
truffles

Grant
    $800 20
New Mexico

Grant
    $800 22
One Day at a Time

Triple Stumper
    $800 23
gnocchi

Grant
    $800 24
(Nick: What is gorge?)

a coulee

Nick
Triple Stumper
    $7,000 19
(Rachel: Who is Willa Cather?)

Laura Ingalls Wilder

Rachel
    $800 18
spores

Rachel
    $1200 14
Wisconsin

Triple Stumper
    $1200 10
Bel-Air

Grant
    $1200 8
a gnat

Nick
    $5,000 21
vellum

Grant
    $1200 12
(Harvey) Milk

Grant
    $1200 16
shiitake

Nick
    $1600 7
(Rachel: Uh, Virginia and New York?)
(Grant: What are Virginia and New York?)
(Ken: Not correct, she got you there.)
...
(Ken: What are [*], contains Virginia, and [**], contains Kansas.)

West Virginia & Arkansas

GrantRachel
Triple Stumper
    $1600 5
Gossip Girl

Triple Stumper
    $1600 4
a gnome

Nick
    $1600 1
a domain

Triple Stumper
    $1600 11
(Ken: That's Bigger Thomas from his Native Son.)

Richard Wright

Triple Stumper
    $1600 15
Chanterelle

Grant
    $2000 6
(Ken: That's North Dakota, so we needed [*].)

Maryland or Rhode Island

Triple Stumper
    $2000 9
Perry Mason

Rachel
    $2000 3
gneiss

Nick
    $2000 2
a diadem

Nick
    $2000 13
(Rosalind) Franklin

Grant
    $2000 17
mycelium

Rachel

Scores at the end of the Double Jeopardy! Round:

Grant Nick Rachel
$19,800 $10,400 $0

[wagering suggestions for these scores]

Final Jeopardy! Round responses

BOOK & MOVIE TITLE REFERENCES
(Ken: [To Grant] That is correct--Dennis Lehane's crime novel set in Boston.)
NickWhat is The Turnpike?
$9,401
GrantWhat is Mystic River?
$1,001
Mystic River

Final scores:

Grant Nick Rachel
$20,801 $999 $0
3-day champion: $67,202 2nd place: $3,000 3rd place: $2,000

Game dynamics:

Coryat scores:

Grant Nick Rachel
$13,800 $10,400 $7,000
23 R
(including 2 DDs),
4 W
13 R,
3 W
9 R,
2 W
(including 1 DD)

Combined Coryat: $31,200

[game clues] [game scores] [suggest correction]

Game tape date: 2024-04-08
The J! Archive is created by fans, for fans. Scraping, republication, monetization, and malicious use prohibited; this site may use cookies and collect identifying information. See terms. The Jeopardy! game show and all elements thereof, including but not limited to copyright and trademark thereto, are the property of Jeopardy Productions, Inc. and are protected under law. This website is not affiliated with, sponsored by, or operated by Jeopardy Productions, Inc. Join the discussion at JBoard.tv.